000 00739nam a2200241Ia 4500
003 OSt
005 20220926002433.0
006 a|||||r|||| 00| 0
007 ta
008 220923b |||||||| |||| 00| 0 eng d
037 _cGeneral Book
040 _aRTL
_cRTL
_beng
041 _2eng
_aeng
082 _aXM5:(Z2).N77t, L8/GD
110 _aIndia, Law, Justice and Company Affairs
_9302022
245 0 _aReport of the high- Powered Expert Commttee on companies and MRTP acts
260 _a New Delhi
_bMOP
_c1978
300 _a368p
_ccm.
650 _aCompany Law
700 _aIndia, Law, Justice and Company Affairs
_9302023
942 _hXM5:(Z2).N77t, L8/GD
_cGB
_2CC
999 _c604997
_d604997